| 000 | 00495nam a2200205Ia 4500 | ||
|---|---|---|---|
| 003 | OSt | ||
| 005 | 20140312075347.0 | ||
| 008 | 140130s9999 xx 000 0 und d | ||
| 020 | _a0439429803 | ||
| 050 |
_aAG 243 _b.P225 2003 |
||
| 100 | _aPackard, Marry | ||
| 245 |
_aBlasts from the past / _cMarry Packard. |
||
| 260 |
_bScholastic, _c2003. _anew York : |
||
| 300 |
_a86 p. : _bill. ; _c18 cm. |
||
| 440 | _v1 | ||
| 521 | _aG11 | ||
| 526 | _c1080 | ||
| 942 |
_cBK _2lcc |
||
| 999 |
_c41832 _d41832 |
||